| 000 | 00791nam a2200229Ii 4500 | ||
|---|---|---|---|
| 001 | 48933 | ||
| 005 | 20250917202335.0 | ||
| 008 | 241108s9999||||xx |||||||||||||| ||und|| | ||
| 020 | _a9789588293790 | ||
| 040 |
_aCO-ViMGA _bspa _erda _cCO-ViMGA |
||
| 082 | 0 | 4 |
_a027.0986148 _bB63a _223 |
| 110 | 1 | _aBogotá Colombia. Alcaldía Mayor. | |
| 245 | 1 | 0 |
_aBogotá en documentos : _barchivo de Bogotá / _cBogotá Colombia. Alcaldía Mayor. |
| 264 | 1 |
_aBogotá, Colombia : _bVillegas _c2011 |
|
| 300 |
_a257 páginas _bilustraciones, mapas _c31 cm |
||
| 336 |
_atexto _btxt _2rdacontenido |
||
| 337 |
_ano mediado _bn _2rdamedio |
||
| 338 |
_avolume _bnc _2rdasoporte |
||
| 650 | 1 | 7 |
_aArchivos gubernamentales _vColecciones. _2BLAAUTO _964985 |
| 651 | 4 |
_aColombia _xHistoria _92612 |
|
| 942 | _cBK | ||
| 999 |
_c48933 _d48933 |
||